书目信息 |
| 题名: |
神秘的摄心术
|
|
| 作者: | 李应 著 | |
| 分册: | ||
| 出版信息: | 南宁 广西人民出版社 2013 |
|
| 页数: | 211页 | |
| 开本: | 23cm | |
| 丛书名: | 中华神秘文化书系 | |
| 单 册: | ||
| 中图分类: | B842.9 , R338.63 | |
| 科图分类: | ||
| 主题词: | 暗示--研究 , 暗示 , 催眠--研究 , 催眠 | |
| 电子资源: | ||
| ISBN: | 978-7-219-02351-8 | |
| 000 | 00849oam2 2200313 450 | |
| 001 | 338259 | |
| 005 | 20150601162446.98 | |
| 010 | @a978-7-219-02351-8@dCNY27.80 | |
| 100 | @a19931105d1993 em y0chiy0110 ea | |
| 101 | 0 | @achi |
| 102 | @aCN@b450000 | |
| 105 | @ay z 000yy | |
| 106 | @ar | |
| 200 | 1 | @a神秘的摄心术@Ashen mi de she xin shu@e催魂大法与心理控制研究@f李 应著 |
| 205 | @a第4版 | |
| 210 | @a南宁@c广西人民出版社@d2013 | |
| 215 | @a211页@d23cm | |
| 225 | 2 | @a中华神秘文化书系 |
| 330 | @a本书论述研究了摄心术的内容, 如:暗示术、催眠术、意会术等。 | |
| 410 | 0 | @12001 @a中华神秘文化书系 |
| 606 | 0 | @a暗示@x研究 |
| 606 | 0 | @a暗示 |
| 606 | 0 | @a催眠@x研究 |
| 606 | 0 | @a催眠 |
| 690 | @aB842.9@v5 | |
| 690 | @aR338.63@v5 | |
| 701 | 0 | @a李应@Ali ying@4著 |
| 801 | 0 | @aCN@b卓展宏图@c20150525 |
| 905 | @dB842.9@e1247=4@f4 | |
| 神秘的摄心术:催魂大法与心理控制研究/李 应著.-第4版.-南宁:广西人民出版社,2013 |
| 211页;23cm.-(中华神秘文化书系) |
| ISBN 978-7-219-02351-8:CNY27.80 |
| 本书论述研究了摄心术的内容, 如:暗示术、催眠术、意会术等。 |
| ● |
| 相关链接 |
|
|
|
|
正题名:神秘的摄心术
索取号:B842.9/1247=4
 
预约/预借
| 序号 | 登录号 | 条形码 | 馆藏地/架位号 | 状态 | 备注 |
| 1 | 861467 | 208614677 | 第一样本阅览室/ [索取号:B842.9/1247=4] | 在馆 | |
| 2 | 861468 | 208614686 | 第一借阅区/ [索取号:B842.9/1247=4] | 在馆 | |
| 3 | 861469 | 208614695 | 第一借阅区/ [索取号:B842.9/1247=4] | 在馆 | |
| 4 | 861470 | 208614702 | 教育系资料室/ [索取号:B842.9/1247=4] | 在馆 |